[Event "XIII MIEDZYNARODOWY FESTIWAL SZACHOWY PERLA BALTYKU - GRUPA A"]
[Site "LAZY - OW BRYZA"]
[Date "1899-12-30"]
[Round "5.12"]
[White "Franckowski, Janusz"]
[Black "Grzesik, Gracjan"]
[Result "1-0"]
[WhiteTitle "I"]
[BlackTitle "I"]
[WhiteElo "2033"]
[BlackElo "1712"]

1. d4 d5 2. Nf3 Nf6 3. g3 e6 4. Bg2 Be7 5. O-O O-O 6. c4 b6 7. Qc2 Bb7 8. Rd1 Nbd7
9. Bf4 Rc8 10. Nc3 Ne4 11. Ne5 f5 12. Qa4 Nxc3 13. bxc3 Nxe5 14. Bxe5 a5 15. c5
Ba6 16. Qc6 Kf7 17. e4 Bc4 18. exf5 exf5 19. Re1 g6 20. Re3 Re8 21. Rae1 Bg5 22.
f4 Bh6 23. g4 fxg4 24. h3 Bg7 25. hxg4 bxc5 26. Qxc5 c6 27. Bxg7 Rxe3 28. Rxe3
Kxg7 29. Re7+ Kf6 30. g5+ Kf5 31. Bh3+ Kxf4 32. Bxc8 Qxc8 33. Qd6+ Kf5 34. Qg3
Qh8 35. Re5+ Qxe5 36. Qxe5+ Kg4 37. a3 a4 38. Kf2 Bd3 39. Qg3+ Kf5 40. Qxd3+ Kxg5
41. Kg3 h5 42. Qe3+ Kf6 43. Qe5+ Kf7 44. Kh4 Kf8 45. Kg5 1-0

[Event "XIII MIEDZYNARODOWY FESTIWAL SZACHOWY PERLA BALTYKU - GRUPA A"]
[Site "LAZY - OW BRYZA"]
[Date "1899-12-30"]
[Round "5.13"]
[White "Wacior, Maciej"]
[Black "Karpinski, Andrzej"]
[Result "1-0"]
[WhiteTitle "I++"]
[BlackTitle "I"]
[WhiteElo "2025"]
[BlackElo "1658"]

1. d4 Nf6 2. Nf3 c5 3. e3 g6 4. c3 b6 5. Bc4 d5 6. Bd3 Bg7 7. h3 O-O 8. O-O Ba6
9. Bxa6 Nxa6 10. Ne5 Nc7 11. a4 Nd7 12. f4 Nxe5 13. fxe5 f6 14. exf6 Bxf6 15.
a5 e5 16. axb6 axb6 17. Rxa8 Qxa8 18. Qb3 Qc6 19. dxc5 bxc5 20. e4 Kg7 21. exd5
Nxd5 22. Qc4 Nf4 23. Bxf4 exf4 24. Rxf4 Qd6 25. Rf1 Rb8 26. Qe2 Qb6 27. Rf2 Qc6
28. Na3 Re8 29. Qf3 Qe6 30. Nb5 Rf8 31. Nc7 Qe1+ 32. Rf1 Qd2 33. Ne6+ 1-0

[Event "XIII MIEDZYNARODOWY FESTIWAL SZACHOWY PERLA BALTYKU - GRUPA A"]
[Site "LAZY - OW BRYZA"]
[Date "1899-12-30"]
[Round "5.14"]
[White "Litner, Igor"]
[Black "Kukula, Karol"]
[Result "1-0"]
[WhiteTitle "I+"]
[BlackTitle "I"]
[WhiteElo "1949"]
[BlackElo "1656"]

1. d4 Nf6 2. Nf3 e6 3. c4 Bb4+ 4. Bd2 Qe7 5. g3 b6 6. Bg2 Bb7 7. O-O O-O 8. Bf4
Bd6 9. Bg5 h6 10. Bxf6 Qxf6 11. Qd3 c5 12. Nc3 Nc6 13. dxc5 Bxc5 14. Qxd7 Na5
15. Qa4 Bc6 16. Qc2 Nxc4 17. b3 Nd6 18. e4 e5 19. Nd5 Bxd5 20. exd5 Rac8 21. Qb2
Rfe8 22. Rad1 Nf5 23. Rfe1 Nd4 24. Nd2 Qe7 25. Nc4 Qf6 26. b4 Bd6 27. Nxd6 Qxd6
28. f4 Nc2 29. fxe5 Qxb4 30. Qxb4 Nxb4 31. d6 Red8 32. Bh3 Rc5 33. e6 fxe6 34.
Bxe6+ Kh8 35. d7 Nc6 36. Rc1 g5 37. Rxc5 bxc5 38. Bd5 Rxd7 39. Bxc6 Rc7 40. Bd5
Kg7 41. Bc4 Rb7 42. Kf2 Rb4 43. Bb3 c4 44. Re4 1-0

[Event "XIII MIEDZYNARODOWY FESTIWAL SZACHOWY PERLA BALTYKU - GRUPA A"]
[Site "LAZY - OW BRYZA"]
[Date "1899-12-30"]
[Round "5.15"]
[White "Wolaniecki, Patryk"]
[Black "Luczak, Filip"]
[Result "0-1"]
[WhiteTitle "I"]
[BlackTitle "I"]
[WhiteElo "1597"]
[BlackElo "1865"]

1. e4 c5 2. Nf3 e6 3. d4 cxd4 4. Nxd4 a6 5. Bd3 Qc7 6. O-O Nf6 7. c4 d6 8. Be3
Nbd7 9. Nc3 Nc5 10. Bc2 Be7 11. b3 b6 12. f3 Bb7 13. Rc1 Rc8 14. Qe2 O-O 15. Rfd1
Rfd8 16. Bb1 Qb8 17. Qc2 g6 18. Qb2 Bf8 19. Nde2 Bg7 20. Bd4 e5 21. Be3 Bc6 22.
Rd2 b5 23. cxb5 axb5 24. Rcd1 b4 25. Nd5 Nxd5 26. exd5 Bb5 27. Ng3 Rf8 28. Ne4
f5 29. Nxc5 dxc5 30. Bc2 f4 31. Bxc5 Rxc5 32. Be4 Qd6 33. a4 Bd7 34. Rd3 Bf5 35.
Qd2 Rb8 36. Qe2 Rbc8 37. Qe1 Rc3 38. Kh1 Bxe4 39. fxe4 Bf8 40. Qf1 Rxd3 41. Qxd3
Rc3 42. Qb1 Qc5 43. Qa1 Bd6 44. Qb1 Qe3 45. a5 Rxb3 46. Qc2 Qc3 47. Qe2 Qc5 48.
Qg4 Qc7 49. Qe6+ Kg7 50. a6 Ra3 51. g4 Rxa6 52. g5 Qe7 53. Qc8 Rb6 54. Qg4 b3
55. Rb1 b2 56. h4 Qc7 57. Qd1 Qc4 58. Qe1 Bb4 59. Qg1 Qxe4+ 60. Kh2 Qe2+ 61. Kh1
Qf3+ 62. Kh2 Qg3+ 0-1

[Event "XIII MIEDZYNARODOWY FESTIWAL SZACHOWY PERLA BALTYKU - GRUPA A"]
[Site "LAZY - OW BRYZA"]
[Date "1899-12-30"]
[Round "5.16"]
[White "Szmidt, Przemyslaw"]
[Black "Rejniak, Zuzanna"]
[Result "1-0"]
[WhiteTitle "I++"]
[BlackTitle "I+"]
[WhiteElo "1856"]
[BlackElo "1628"]

1. e4 c5 2. Nf3 Nc6 3. Bb5 d6 4. O-O a6 5. Bxc6+ bxc6 6. h3 e6 7. Re1 d5 8. d3
Nf6 9. Nc3 Be7 10. Bf4 O-O 11. e5 Nd7 12. Qd2 Rb8 13. b3 Re8 14. Ne2 Nf8 15. Ng3
Ng6 16. Nh5 Nxf4 17. Qxf4 Bd7 18. Kh1 a5 19. g4 Rb4 20. c4 a4 21. g5 axb3 22.
Nf6+ Kh8 23. axb3 Rxb3 24. Ra7 Bxf6 25. gxf6 Rxd3 26. fxg7+ Kg8 27. Ng5 f5 28.
exf6 e5 29. Rxe5 Rxe5 30. Qxe5 Be8 31. Qe6+ Bf7 32. Qxf7# 1-0

[Event "XIII MIEDZYNARODOWY FESTIWAL SZACHOWY PERLA BALTYKU - GRUPA A"]
[Site "LAZY - OW BRYZA"]
[Date "1899-12-30"]
[Round "5.17"]
[White "Zabron, Maksym"]
[Black "Pietrucha, Jaroslaw"]
[Result "0-1"]
[WhiteTitle "I"]
[BlackTitle "I"]
[WhiteElo "1625"]
[BlackElo "1847"]

1. d4 d5 2. c4 e6 3. Nc3 Nf6 4. Bf4 a6 5. e3 dxc4 6. Bxc4 b5 7. Bd3 Bb7 8. Nf3
Nbd7 9. O-O Be7 10. Rc1 O-O 11. Qe2 c5 12. Rfd1 Qb6 13. Ne5 c4 14. Bc2 Rfe8 15.
Nxd7 Nxd7 16. e4 Nf6 17. Be3 Qc7 18. d5 exd5 19. Nxd5 Bxd5 20. exd5 Bc5 21. Qf3
Bxe3 22. fxe3 Qe5 23. e4 Qxb2 24. Bb1 Qe5 25. Re1 Rad8 26. Kf1 Rd6 27. Re2 Nd7
28. Rf2 Rf6 29. Qe2 Qxh2 30. Rxf6 Nxf6 31. Re1 Nxd5 32. Qf3 g6 33. g3 Qh3+ 34.
Kf2 Qe6 35. Re2 Nf6 36. Re1 Ng4+ 37. Kg2 Rd8 38. Re2 h5 39. Rb2 Qe5 40. Re2 b4
41. Bc2 a5 0-1

[Event "XIII MIEDZYNARODOWY FESTIWAL SZACHOWY PERLA BALTYKU - GRUPA A"]
[Site "LAZY - OW BRYZA"]
[Date "1899-12-30"]
[Round "5.18"]
[White "Mazalon, Mariusz"]
[Black "Zamarska, Sylwia"]
[Result "1-0"]
[WhiteTitle "k"]
[BlackTitle "I++"]
[WhiteElo "2050"]
[BlackElo "1622"]

1. Nf3 d5 2. g3 Nf6 3. Bg2 e6 4. O-O Be7 5. d3 O-O 6. Nbd2 b6 7. b3 Bb7 8. Bb2
Nbd7 9. a4 c5 10. e3 Qc7 11. Qe2 Rac8 12. c4 Rfd8 13. e4 d4 14. Ng5 Ne5 15. f4
Nc6 16. e5 Nd7 17. Nde4 h6 18. Nh3 Nb4 19. Rae1 Ba8 20. Bc1 Nf8 21. Bd2 a5 22.
Nhf2 Nc2 23. Rc1 Nb4 24. Qh5 Nh7 25. Bxb4 axb4 26. Ng4 Bxe4 27. Bxe4 Bf8 28. Rc2
Qe7 29. Rcf2 f5 30. exf6 Nxf6 31. Nxf6+ Qxf6 32. f5 e5 33. h4 Be7 34. Rh2 Rd6
35. Rff2 Kf8 36. Qe2 Ke8 37. g4 Kd7 38. Rfg2 Rh8 39. g5 hxg5 40. hxg5 Qf8 41.
Qg4 Kc7 42. Rxh8 Qxh8 43. Rh2 Qd8 44. Rg2 Qh8 45. Bf3 Rd8 46. Rh2 Qf8 47. Qe4
Rd6 48. Rh8 Qxh8 49. Qb7+ Kd8 50. Qb8+ Kd7 51. Qxh8 Bxg5 52. Qxg7+ Be7 53. Bd5
1-0

[Event "XIII MIEDZYNARODOWY FESTIWAL SZACHOWY PERLA BALTYKU - GRUPA A"]
[Site "LAZY - OW BRYZA"]
[Date "1899-12-30"]
[Round "5.19"]
[White "Kosiba, Marcin"]
[Black "Zadkowski, Zbigniew"]
[Result "1-0"]
[WhiteTitle "II"]
[BlackTitle "II"]
[WhiteElo "1832"]
[BlackElo "1584"]

1. e4 d6 2. d4 Nf6 3. Bd3 g6 4. c3 Bg7 5. f3 O-O 6. Be3 Nc6 7. Nd2 e5 8. d5 Ne7
9. Ne2 c6 10. c4 Ne8 11. g4 f5 12. gxf5 gxf5 13. Qc2 cxd5 14. exd5 Nf6 15. O-O-O
Bd7 16. Kb1 a6 17. Nc3 b5 18. a3 Qa5 19. Rhg1 b4 20. Nb3 Ba4 21. Qg2 Rf7 22. Nxa5
bxc3 23. b3 Rb8 24. Ka2 Kh8 25. Ba7 Ra8 26. Be3 Rb8 27. Bc1 Bd7 28. Qc2 e4 29.
fxe4 fxe4 30. Be2 Rc8 31. Rdf1 Bf5 32. Be3 Bg6 33. Nb7 Nexd5 34. Nxd6 Nxe3 35.
Nxf7+ Bxf7 36. Qxc3 Nxf1 37. Bxf1 Re8 38. Be2 e3 39. Qd4 Bg6 40. Rxg6 hxg6 41.
Qh4+ Kg8 42. c5 Ne4 43. Bc4+ Kf8 44. b4 e2 45. Qf4+ Bf6 46. Bxe2 Nc3+ 47. Kb3
Nd5 48. Qd6+ Kg7 49. Qxd5 Rxe2 50. Qd7+ Re7 51. Qd6 Re3+ 52. Kc4 Rc3+ 53. Kd5
Rxa3 54. c6 Rd3+ 55. Ke6 Re3+ 56. Kd7 Bg5 57. Qd5 Bf6 58. c7 Re7+ 59. Kd6 Re8
60. Qb7 Be5+ 61. Kd7 Rf8 62. c8=Q Rf7+ 63. Ke6 Rxb7 64. Qxb7+ 1-0

[Event "XIII MIEDZYNARODOWY FESTIWAL SZACHOWY PERLA BALTYKU - GRUPA A"]
[Site "LAZY - OW BRYZA"]
[Date "1899-12-30"]
[Round "5.20"]
[White "Pietras, Maksymilian"]
[Black "Gorkiewicz, Mateusz"]
[Result "1/2-1/2"]
[WhiteTitle "II+"]
[BlackTitle "II+"]
[WhiteElo "1615"]
[BlackElo "1764"]

1. d4 d5 2. Nf3 e6 3. c4 Nf6 4. Nc3 Be7 5. e3 O-O 6. Bd3 b6 7. cxd5 exd5 8. O-O
Be6 9. b3 Nbd7 10. Bb2 c5 11. dxc5 bxc5 12. Rc1 Qb6 13. Na4 Qb7 14. Qe2 Ne4 15.
Ne5 Qc7 16. Nxd7 Bxd7 17. Bxe4 dxe4 18. Nxc5 Bxc5 19. Bd4 Rfe8 20. Rxc5 Qd8 21.
Rd1 Qh4 22. h3 Rad8 23. Rh5 Qe7 24. Bc5 Qf6 25. Rhd5 Be6 26. Rxd8 Rxd8 27. Rxd8+
Qxd8 28. Bxa7 f5 29. g3 Qa5 30. Bd4 h6 31. Kg2 Qa8 32. Qb2 Qb7 33. Qc3 Qf7 34.
Be5 f4 35. Qc7 Bxh3+ 36. Kh2 fxe3 37. fxe3 Qxc7 38. Bxc7 Be6 39. Kg2 Kf7 40. Be5
g5 41. Kf2 Kg6 42. Ke2 Kf5 43. Bc7 Kg4 44. Kf2 1/2-1/2

[Event "XIII MIEDZYNARODOWY FESTIWAL SZACHOWY PERLA BALTYKU - GRUPA A"]
[Site "LAZY - OW BRYZA"]
[Date "1899-12-30"]
[Round "5.21"]
[White "Wysocki, Mieczyslaw"]
[Black "Pisarek, Elzbieta"]
[Result "0-1"]
[WhiteTitle "I"]
[BlackTitle "I"]
[WhiteElo "1702"]
[BlackElo "1397"]

1. g3 Nf6 2. Bg2 d5 3. d3 c5 4. Nc3 e6 5. e4 Nc6 6. Nge2 b6 7. Bg5 dxe4 8. Nxe4
Bb7 9. O-O Be7 10. Bxf6 Bxf6 11. N2c3 O-O 12. Qh5 Bxc3 13. bxc3 h6 14. Rab1 Qe7
15. g4 f5 16. gxf5 exf5 17. Ng3 Qf6 18. Rbe1 Na5 19. Bxb7 Nxb7 20. Qf3 Na5 21.
Kh1 Kh8 22. Rg1 g5 23. Qd5 Rad8 24. Qe6 Qxe6 25. Rxe6 f4 26. Nh5 Kh7 27. h4 Rf5
28. hxg5 hxg5 29. Kg2 Rdf8 30. Rh1 Kg8 31. Rg6+ Kf7 32. Rg7+ Ke6 33. Rxa7 Kd5
34. Re1 Re5 35. c4+ Kd6 36. Rxe5 Kxe5 37. Re7+ Kf5 38. Rd7 Rg8 39. Rd5+ Kg6 40.
Nxf4+ gxf4 41. Kf3 Rf8 42. Rd6+ Rf6 43. Rxf6+ Kxf6 44. Kxf4 Nc6 45. Ke4 Nb4 46.
f4 Nxa2 47. Kd5 Nb4+ 48. Kd6 Nxc2 49. Kc6 Nb4+ 50. Kxb6 Nxd3 51. Kc6 Kf5 52. Kd6
Kxf4 53. Kd5 Ke3 54. Kc6 Kd4 55. Kb5 Nb2 0-1

[Event "XIII MIEDZYNARODOWY FESTIWAL SZACHOWY PERLA BALTYKU - GRUPA A"]
[Site "LAZY - OW BRYZA"]
[Date "1899-12-30"]
[Round "5.22"]
[White "Straszewski, Tomasz"]
[Black "Pisarek, Jan"]
[Result "1-0"]
[WhiteTitle "II+"]
[BlackTitle "II"]
[WhiteElo "1672"]
[BlackElo "1318"]

1. e4 c5 2. d4 cxd4 3. Qxd4 Nc6 4. Qa4 Nf6 5. Nf3 d5 6. exd5 Nxd5 7. Qb3 e6 8.
Be2 Bd6 9. Nc3 Nxc3 10. bxc3 O-O 11. O-O Qc7 12. Ba3 Bxa3 13. Qxa3 b6 14. Bd3
Bb7 15. Rfe1 h6 16. c4 Rfd8 17. c5 Nd4 18. Nxd4 Rxd4 19. cxb6 Qxb6 20. Rab1 Qc6
21. f3 g5 22. Be4 Rxe4 23. Rxe4 Qc7 24. Re3 Bd5 25. Rc1 Qc4 26. Qb3 Qa6 27. c4
Rc8 28. Rec3 Bc6 29. a3 Qa5 30. c5 Qc7 31. Qd1 Rd8 32. Rd3 Bd5 33. c6 Rd6 34.
Qc2 Rxc6 35. Rc3 Rxc3 36. Qxc3 Qb6+ 37. Qc5 Qb2 38. Qc8+ Kg7 39. Qc3+ Qxc3 40.
Rxc3 a6 41. Kf2 Kf6 42. Rc5 Ke7 43. Rc7+ Kf6 44. Ke3 Bb3 45. Rc6 a5 46. Rc5 a4
47. Kd4 Bd1 48. Kc3 Bb3 49. Kb4 Ke7 50. Rc7+ Kf6 51. Ra7 h5 52. Rxa4 Bxa4 53.
Kxa4 g4 54. Kb5 Kg5 55. a4 h4 56. a5 h3 57. f4+ Kxf4 58. gxh3 e5 59. a6 g3 60.
hxg3+ Kxg3 61. a7 Kxh3 62. a8=Q Kg3 63. Qg8+ Kf3 64. Qxf7+ Ke3 65. Kc4 1-0

[Event "XIII MIEDZYNARODOWY FESTIWAL SZACHOWY PERLA BALTYKU - GRUPA A"]
[Site "LAZY - OW BRYZA"]
[Date "1899-12-30"]
[Round "5.23"]
[White "Starosta, Martyna"]
[Black "Ciesielski, Jan"]
[Result "0-1"]
[WhiteTitle "WCM"]
[BlackTitle "II+"]
[WhiteElo "1591"]
[BlackElo "1669"]

1. e4 e6 2. d4 d5 3. Nc3 Bb4 4. exd5 exd5 5. Bd3 Nf6 6. Nf3 O-O 7. O-O Bg4 8. h3
Bh5 9. a3 Ba5 10. Bg5 c6 11. Ne2 Bxf3 12. gxf3 h6 13. Be3 Nh5 14. Ng3 Nxg3 15.
fxg3 Re8 16. Bd2 Nd7 17. Bxa5 Qxa5 18. c3 Qc7 19. Kg2 Nf6 20. Qd2 Re7 21. Rae1
Rae8 22. Rxe7 Qxe7 23. Kf2 Nh5 24. Re1 Qxe1+ 25. Qxe1 Rxe1 26. Kxe1 Nxg3 27. Kf2
Nh5 28. Bf5 b6 29. b4 Kf8 30. Bd7 c5 31. dxc5 bxc5 32. bxc5 Ke7 33. Bb5 Nf4 34.
Kg3 Ne6 35. Bc6 d4 36. cxd4 Nxd4 37. Bd5 Ne6 38. c6 Kd6 39. Be4 Ng5 40. Bd5 Ne6
41. Be4 Nd4 42. Bd5 Kxd5 43. c7 Nf5+ 0-1

[Event "XIII MIEDZYNARODOWY FESTIWAL SZACHOWY PERLA BALTYKU - GRUPA A"]
[Site "LAZY - OW BRYZA"]
[Date "1899-12-30"]
[Round "5.24"]
[White "Dluzynski, Krzysztof"]
[Black "Zerafa, Patrick"]
[Result "0-1"]
[WhiteTitle "II"]
[BlackTitle "CM"]
[WhiteElo "1547"]
[BlackElo "2046"]

1. d4 Nf6 2. c4 g6 3. Nc3 Bg7 4. g3 d6 5. Bg2 Nbd7 6. Nf3 O-O 7. O-O c6 8. e4 Qc7
9. Re1 e5 10. d5 h6 11. Bd2 Nc5 12. b4 Nd3 13. Re3 Nxb4 14. Qb3 Na6 15. Na4 Ng4
16. Re2 f5 17. h3 Nf6 18. Nh4 Kh7 19. exf5 gxf5 20. dxc6 bxc6 21. Qc2 e4 22. Rd1
d5 23. Bf4 Qf7 24. cxd5 cxd5 25. Qc6 Bb7 26. Qb5 Qd7 27. Qa5 Rad8 28. Nxf5 Qxf5
29. Bxe4 Nxe4 30. f3 Nxg3 0-1

[Event "XIII MIEDZYNARODOWY FESTIWAL SZACHOWY PERLA BALTYKU - GRUPA A"]
[Site "LAZY - OW BRYZA"]
[Date "1899-12-30"]
[Round "5.25"]
[White "Kabacinski, Krzysztof"]
[Black "Plocica, Krzysztof"]
[Result "1/2-1/2"]
[WhiteTitle "II"]
[BlackTitle "II"]
[WhiteElo "1556"]
[BlackElo "1439"]

1. e4 e5 2. Nf3 Nf6 3. Nxe5 d6 4. Nf3 Nxe4 5. Nc3 Nxc3 6. dxc3 Be7 7. Be3 O-O 8.
Qd2 Bf5 9. O-O-O Nc6 10. h3 Ne5 11. Nd4 Bg6 12. f4 Nc6 13. f5 Nxd4 14. fxg6 Ne6
15. gxh7+ Kxh7 16. Bd3+ Kg8 17. Kb1 Bg5 18. Bxg5 Qxg5 19. Qf2 Qf4 20. Qe2 Qh6
21. Qf3 Nc5 22. Bc4 c6 23. g4 d5 24. Bd3 Nxd3 25. cxd3 Rae8 26. Rhe1 Re6 27. Rxe6
Qxe6 28. Qf2 b6 29. Re1 Qd7 30. Qe3 Rd8 31. Kc2 Kf8 32. Kd2 d4 33. Qxd4 Qxd4 34.
cxd4 Rxd4 35. Ke3 c5 36. Rf1 f6 37. g5 Rh4 38. Rf3 Ke7 39. gxf6+ gxf6 40. Kf2
f5 41. Kg3 Rh5 42. Re3+ Kf6 43. Re8 Kg5 44. h4+ Kf6 45. Re2 Rh8 1/2-1/2

[Event "XIII MIEDZYNARODOWY FESTIWAL SZACHOWY PERLA BALTYKU - GRUPA A"]
[Site "LAZY - OW BRYZA"]
[Date "1899-12-30"]
[Round "5.26"]
[White "Bucko, Wieslaw"]
[Black "Bochniak, Jakub"]
[Result "0-1"]
[WhiteTitle "II"]
[BlackTitle "III"]
[WhiteElo "1549"]
[BlackElo "1352"]

1. d4 d5 2. c4 Bf5 3. Nc3 e6 4. Nf3 Bb4 5. e3 Nf6 6. Bd2 O-O 7. Be2 Nbd7 8. Qb3
Bxc3 9. Bxc3 b6 10. O-O Rb8 11. Rac1 c5 12. Ne5 Nxe5 13. dxe5 Ne4 14. Rfd1 dxc4
15. Rxd8 cxb3 16. Rxf8+ Kxf8 17. Be1 bxa2 18. f3 Ng3 19. Bc4 Ne2+ 20. Bxe2 Bb1
21. Bc3 a1=Q 22. Bd3 Rd8 23. Rxb1 Qa2 24. Bc2 0-1

[Event "XIII MIEDZYNARODOWY FESTIWAL SZACHOWY PERLA BALTYKU - GRUPA A"]
[Site "LAZY - OW BRYZA"]
[Date "1899-12-30"]
[Round "5.27"]
[White "Wojcik, Jagoda"]
[Black "Lazniewski, Tadeusz"]
[Result "1-0"]
[WhiteTitle "I+"]
[BlackTitle "II"]
[WhiteElo "1730"]
[BlackElo "1401"]

1. e4 e5 2. Nf3 Nc6 3. d4 exd4 4. Nxd4 Nf6 5. Nxc6 bxc6 6. e5 Qe7 7. Qe2 Nd5 8.
c4 Nb6 9. Qe4 Bb7 10. Nc3 O-O-O 11. Be3 Re8 12. c5 Nd5 13. Bd4 f6 14. f4 Nxf4
15. O-O-O fxe5 16. Be3 Ne6 17. Qa4 Kb8 18. Qa5 Nd4 19. Na4 Nf5 20. Bf2 Qg5+ 21.
Kb1 Qf4 22. Bg3 Nxg3 23. hxg3 Qg4 24. Ba6 Bxa6 25. Qxa6 Qb4 26. Rd3 Qe4 27. Ka1
Ka8 28. Nb6+ Kb8 29. Nxd7+ Ka8 30. Ra3 Bxc5 31. Nxc5 Kb8 32. Qb7# 1-0

[Event "XIII MIEDZYNARODOWY FESTIWAL SZACHOWY PERLA BALTYKU - GRUPA A"]
[Site "LAZY - OW BRYZA"]
[Date "1899-12-30"]
[Round "5.28"]
[White "Bialek, Alicja"]
[Black "Budrewicz, Henryk"]
[Result "1/2-1/2"]
[WhiteTitle "I"]
[BlackTitle "I"]
[WhiteElo "1367"]
[BlackElo "1488"]

1. e4 c6 2. d4 d6 3. Nc3 Qc7 4. f4 e5 5. Nf3 Bg4 6. Be3 Nd7 7. h3 Bxf3 8. Qxf3
Be7 9. O-O-O a5 10. g4 h6 11. fxe5 dxe5 12. d5 Bd6 13. dxc6 bxc6 14. Rg1 g6 15.
Bc4 f6 16. h4 Ne7 17. Be6 Nf8 18. Qxf6 Rh7 19. Bc4 O-O-O 20. Ba6+ Kb8 21. Na4
Ng8 22. Qf2 Rf7 23. Qe2 Nd7 24. Bc4 Rff8 25. Be6 Be7 26. h5 g5 27. Rgf1 Ngf6 28.
Bf5 Qb7 29. Qf2 Nxg4 30. Ba7+ Qxa7 31. Qxa7+ Kxa7 32. Bxg4 Rxf1 33. Rxf1 Nf6 34.
Bf5 Rf8 35. Bg6 Rd8 36. Nc3 Rf8 37. Ne2 Ng4 38. Rxf8 Bxf8 39. Kd2 Kb6 40. Ng3
Bc5 41. Nf5 Bf8 42. a3 Kc5 43. b3 Nf2 44. Ne3 Kb5 45. Ke2 Nh3 46. Nc4 Nf4+ 47.
Kf3 Bg7 48. Be8 Ne6 49. Kg4 Nd4 50. Nd6+ Kb6 51. Nf5 Bf8 52. Nxd4 exd4 53. a4
c5 54. Bd7 Kc7 55. Be6 Kd6 56. Bc8 Ke5 57. Kf3 Bd6 1/2-1/2

[Event "XIII MIEDZYNARODOWY FESTIWAL SZACHOWY PERLA BALTYKU - GRUPA A"]
[Site "LAZY - OW BRYZA"]
[Date "1899-12-30"]
[Round "6.1"]
[White "Kaczmarek, Aleksander"]
[Black "Mielczarski, Miroslaw"]
[Result "1-0"]
[WhiteTitle "FM"]
[BlackTitle "k"]
[WhiteElo "2363"]
[BlackElo "2095"]

1. e4 c5 2. Nf3 Nc6 3. d4 cxd4 4. Nxd4 g6 5. Nc3 Bg7 6. Be3 Nf6 7. Bc4 O-O 8. Bb3
d6 9. h3 Bd7 10. O-O Na5 11. Re1 Rc8 12. Qd3 a6 13. Nd5 e6 14. Nxe6 Bxe6 15. Bb6
Nxd5 16. Bxd8 Nb4 17. Qxd6 Nxb3 18. cxb3 Nc2 19. Bc7 Bxb2 20. Rab1 Ba3 21. Qb6
Nxe1 22. Rxe1 Rfe8 23. Be5 Rc5 24. Ba1 a5 25. Bd4 Bb4 26. Bxc5 Bxe1 27. Bd4 Rc8
28. Bb2 Bc3 29. Bxc3 1-0

[Event "XIII MIEDZYNARODOWY FESTIWAL SZACHOWY PERLA BALTYKU - GRUPA A"]
[Site "LAZY - OW BRYZA"]
[Date "1899-12-30"]
[Round "6.2"]
[White "Sygulski, Pawel"]
[Black "Wozniak, Mariola"]
[Result "1-0"]
[WhiteTitle "k"]
[BlackTitle "WIM"]
[WhiteElo "2143"]
[BlackElo "2204"]

1. c4 f5 2. d4 Nf6 3. Nc3 g6 4. Nf3 Bg7 5. e3 O-O 6. Be2 d6 7. O-O Qe8 8. Nd5 Na6
9. b4 Nxd5 10. cxd5 Nxb4 11. Qb3 a5 12. Bd2 Kh8 13. Bxb4 axb4 14. Qxb4 e5 15.
dxe6 Qxe6 16. Qb3 d5 17. Rac1 c6 18. Rc2 Bf6 19. h4 Be7 20. g3 h6 21. a4 Kg7 22.
Ne5 g5 23. hxg5 hxg5 24. f4 Rh8 25. Bd3 g4 26. Rg2 c5 27. Bc2 c4 28. Qb5 Ra6 29.
Rb1 Ba3 30. Kf2 Rh6 31. Ke2 Bd6 32. Kf2 Rh3 33. Ke2 Ba3 34. Kf2 Rh6 35. Ke2 b6
36. Ra1 Ra5 37. Qb1 Be7 38. Qb2 Ba6 39. Kf2 Qc8 40. Qb1 Rf6 41. Rh2 b5 42. Qh1
Qg8 43. Rh5 Rf8 44. Bxf5 b4 45. Rh7+ Kf6 46. Qh5 1-0

[Event "XIII MIEDZYNARODOWY FESTIWAL SZACHOWY PERLA BALTYKU - GRUPA A"]
[Site "LAZY - OW BRYZA"]
[Date "1899-12-30"]
[Round "6.3"]
[White "Swiech, Przemyslaw"]
[Black "Tustanowski, Mateusz"]
[Result "1-0"]
[WhiteTitle "I++"]
[BlackTitle "I++"]
[WhiteElo "2176"]
[BlackElo "1916"]

1. d4 Nf6 2. c4 c5 3. d5 b5 4. Nd2 bxc4 5. e4 e6 6. Bxc4 exd5 7. exd5 d6 8. Ne2
Be7 9. O-O O-O 10. b3 Nbd7 11. Bb2 Nb6 12. Nc3 Bb7 13. Nf3 Nxc4 14. bxc4 Ba6 15.
Qa4 Qc8 16. Rae1 Re8 17. Ne4 Nxd5 18. cxd5 Bxf1 19. Rxf1 Qb7 20. Qb3 Qxb3 21.
axb3 Reb8 22. Ned2 a5 23. Re1 Bf8 24. Bc3 a4 25. bxa4 Rxa4 26. h4 Ra3 27. Re3
g6 28. Ng5 Bg7 29. Bxg7 Rxe3 30. fxe3 Kxg7 31. Nc4 Rb4 32. Nxd6 Rxh4 33. Ndxf7
c4 34. d6 c3 35. d7 c2 36. d8=Q c1=Q+ 37. Kf2 Qc2+ 38. Kg3 Rg4+ 39. Kxg4 h5+ 40.
Kh3 Qc8+ 41. Qxc8 1-0

[Event "XIII MIEDZYNARODOWY FESTIWAL SZACHOWY PERLA BALTYKU - GRUPA A"]
[Site "LAZY - OW BRYZA"]
[Date "1899-12-30"]
[Round "6.4"]
[White "Hilarecki, Grzegorz"]
[Black "Malaczek, Mateusz"]
[Result "1-0"]
[WhiteTitle "k"]
[BlackTitle "II+"]
[WhiteElo "2105"]
[BlackElo "1905"]

1. d4 g6 2. Nf3 Bg7 3. Bf4 d6 4. e3 Nd7 5. h3 Ngf6 6. Be2 Ne4 7. O-O e5 8. Bh2
O-O 9. c3 Qe7 10. Re1 Kh8 11. Bf1 f5 12. c4 g5 13. Nc3 Nxc3 14. bxc3 g4 15. hxg4
fxg4 16. Nd2 Nf6 17. c5 Nh5 18. cxd6 cxd6 19. Ne4 d5 20. Ng3 Nxg3 21. Bxg3 e4
22. c4 Be6 23. cxd5 Bxd5 24. Qxg4 Rg8 25. Qh5 Qe6 26. Rac1 Bxa2 27. Rc5 Rac8 28.
Rec1 Rxc5 29. Rxc5 Rc8 30. Rxc8+ Qxc8 31. Qa5 Qc2 32. Qd8+ Bg8 33. d5 Qd1 34.
d6 h6 35. d7 Kh7 36. Qe7 1-0

[Event "XIII MIEDZYNARODOWY FESTIWAL SZACHOWY PERLA BALTYKU - GRUPA A"]
[Site "LAZY - OW BRYZA"]
[Date "1899-12-30"]
[Round "6.5"]
[White "Lascar, Radoslawa"]
[Black "Sernecki, Franciszek"]
[Result "0-1"]
[WhiteTitle "I+"]
[BlackTitle "I"]
[WhiteElo "1775"]
[BlackElo "2039"]

1. e4 d6 2. d4 Nf6 3. Nc3 c6 4. f4 Qa5 5. Bd3 e5 6. Nf3 Nbd7 7. O-O Be7 8. Kh1
O-O 9. Qe1 Qc7 10. dxe5 dxe5 11. f5 b5 12. Qh4 b4 13. Ne2 Nc5 14. Bg5 Nxd3 15.
cxd3 h6 16. Bxf6 Bxf6 17. Qh3 Rd8 18. Ne1 Ba6 19. g4 Rd6 20. Rd1 Rad8 21. Nc1
c5 22. Rf3 c4 23. Qg3 Qe7 24. Nc2 Qb7 25. Kg2 cxd3 26. Ne3 Qxe4 27. Kf2 Bb7 28.
Nb3 Bh4 29. Qxh4 Qxf3+ 0-1

[Event "XIII MIEDZYNARODOWY FESTIWAL SZACHOWY PERLA BALTYKU - GRUPA A"]
[Site "LAZY - OW BRYZA"]
[Date "1899-12-30"]
[Round "6.6"]
[White "Czaplewska, Klara"]
[Black "Jedrocha, Katarzyna"]
[Result "1/2-1/2"]
[WhiteTitle "k+"]
[BlackTitle "k"]
[WhiteElo "1920"]
[BlackElo "1898"]

1. e4 e6 2. d4 d5 3. exd5 exd5 4. Bd3 Bd6 5. Nf3 Nf6 6. O-O O-O 7. c3 Bg4 8. h3
Bh5 9. Re1 Nbd7 10. Bg5 Re8 11. Nbd2 Rxe1+ 12. Qxe1 Qe8 13. Qxe8+ Rxe8 14. Re1
Rxe1+ 15. Nxe1 Bg6 16. Bxg6 hxg6 17. Nd3 Kf8 18. Bf4 Ke7 19. Kf1 Bxf4 20. Nxf4
c6 1/2-1/2

[Event "XIII MIEDZYNARODOWY FESTIWAL SZACHOWY PERLA BALTYKU - GRUPA A"]
[Site "LAZY - OW BRYZA"]
[Date "1899-12-30"]
[Round "6.7"]
[White "Nowak, Mikolaj"]
[Black "Lada, Ireneusz"]
[Result "1-0"]
[WhiteTitle "I++"]
[BlackTitle "k"]
[WhiteElo "2080"]
[BlackElo "1916"]

1. d4 d6 2. Nf3 Bg4 3. g3 Bxf3 4. exf3 e6 5. Bg2 d5 6. O-O Nf6 7. f4 g6 8. Nd2
Bg7 9. Nf3 O-O 10. Be3 Ne4 11. Ne5 Nd6 12. h4 h5 13. Qd3 c6 14. Bf3 Nf5 15. Kg2
Nd7 16. Be2 Re8 17. Qb3 Qc7 18. Bd3 Nf8 19. c3 Ne7 20. Qc2 Nf5 21. Rh1 c5 22.
Qe2 cxd4 23. cxd4 f6 24. Nf3 Rac8 25. Rac1 Qd6 26. Rc2 Qd7 27. Rhc1 Nd6 28. Bd2
Rxc2 29. Rxc2 Rc8 30. Bb4 Kf7 31. Rxc8 Nxc8 32. Qc2 Ne7 33. Nd2 f5 34. Nf3 Bf6
35. Qc5 b6 36. Qb5 Nc6 37. Bxf8 Kxf8 38. Bc2 Qc8 39. Qa4 Kg7 40. Bd3 Qc7 41. Bb5
Nd8 42. Qa3 Nf7 43. Ne5 Bxe5 44. fxe5 a5 45. Qa4 Qe7 46. Bd7 Nd8 47. a3 g5 48.
hxg5 Qxg5 49. Bxe6 f4 50. Qe8 fxg3 51. Qg8+ Kh6 52. Qh8+ Kg6 53. Qg8+ Kh6 54.
Qxg5+ Kxg5 55. Bxd5 gxf2 56. Kxf2 Kf5 57. Kg3 Kg5 58. a4 Kf5 59. Kh4 Kg6 60. b3
1-0

[Event "XIII MIEDZYNARODOWY FESTIWAL SZACHOWY PERLA BALTYKU - GRUPA A"]
[Site "LAZY - OW BRYZA"]
[Date "1899-12-30"]
[Round "6.8"]
[White "Luczak, Filip"]
[Black "Franckowski, Janusz"]
[Result "1/2-1/2"]
[WhiteTitle "I"]
[BlackTitle "I"]
[WhiteElo "1865"]
[BlackElo "2033"]

1. e4 d6 2. Nc3 g6 3. g3 Nf6 4. Bg2 Bg7 5. d3 c5 6. Nge2 Nc6 7. h3 Be6 8. O-O h5
9. Nf4 Bd7 10. Ncd5 e6 11. Nxf6+ Qxf6 12. c3 O-O-O 13. h4 Bh6 14. Nh3 Bxc1 15.
Rxc1 Kb8 16. Ng5 Qe7 17. Qd2 f6 18. Nf3 Ne5 19. Nxe5 dxe5 20. f4 Qd6 21. fxe5
Qxe5 22. Qf4 Qxf4 23. Rxf4 f5 24. exf5 exf5 25. d4 cxd4 26. Rxd4 Be6 27. Rcd1
Rxd4 28. Rxd4 Rh7 29. Bd5 Re7 30. Kf2 1/2-1/2